Rosario diccionario (Registro nro. 9634)
[ vista simple ]
| 000 -CABECERA | |
|---|---|
| Longitud fija campo de control | 01139nam a2200325Ia 4500 |
| 003 - IDENTIFICADOR DEL NUMERO DE CONTROL | |
| Identificador del número de control | CO-BoRNBP |
| 005 - FECHA Y HORA DE LA ULTIMA TRANSACCION | |
| Fecha y hora de la última transacción | 20230602213024.0 |
| 007 - CAMPO FIJO DE DESCRIPCION FISICA | |
| Campo fijo de descripción física | ta |
| 008 - CODIGOS DE INFORMACION DE LONGITUD FIJA | |
| Códigos de información de longitud fija | 000030 2013 ck a g spa spa |
| 020 ## - NUMERO INTERNACIONAL NORMALIZADO PARA LIBROS | |
| Número Internacional Normalizado para Libros (ISBN) | 9583012556 |
| 040 ## - FUENTE DE LA CATALOGACION | |
| Centro catalogador de origen | CO-BoRNBP |
| Lengua de catalogación | spa |
| Normas de descripción | rda |
| Centro transcriptor | CO-BoRNBP |
| 041 0# - CODIGO DE LENGUA | |
| Código de lengua del texto/banda sonora o título independiente | spa |
| 043 ## - CODIGO DE AREA GEOGRAFICA | |
| Código de área geográfica | s-ck--- |
| 084 ## - Clasificación Local Alfanúmerica PNLB | |
| Número de clasificación | C DIA9 |
| 100 1# - PUNTO DE ACCESO PRINCIPAL-NOMBRE DE PERSONA | |
| Nombre de persona | Díaz López, Santiago |
| Fechas asociadas al nombre | 1970- |
| Término indicativo de función | autor |
| 245 10 - TITULO PROPIAMENTE DICHO | |
| Título | Rosario diccionario |
| Mención de responsabilidad, etc. | Santiago Díaz López ; ilustraciones Laura Osorno |
| 250 ## - MENCION DE EDICION | |
| Mención de edición | Primera edición |
| 264 #1 - PRODUCCION, PUBLICACION , DISTRIBUCION, FABRICACION Y COPYRIGHT | |
| Lugar de producción, publicación, distribución, fabricación | Bogotá, Colombia |
| Nombre del productor, editor, distribuidor, fabricante | Panamericana |
| Fecha de de producción, publicación, distribución, fabricación o copyright | 2013 |
| 300 ## - DESCRIPCION FISICA | |
| Extensión | 47 páginas |
| Otras características físicas | ilustraciones a color |
| Dimensiones | 23 cm |
| 336 ## - TIPO DE CONTENIDO | |
| Término de tipo de contenido | texto |
| Código de tipo de contenido | txt |
| Fuente | rdacontent |
| 337 ## - TIPO DE MEDIO | |
| Nombre del tipo de medio | sin mediación |
| Código del tipo de medio | n |
| Fuente | rdamedia |
| 338 ## - TIPO DE SOPORTE | |
| Nombre del tipo de soporte | volumen |
| Código del tipo de soporte | nc |
| Fuente | rdacarrier |
| 650 17 - PUNTO DE ACCESO ADICIONAL DE MATERIA - TERMINO DE MATERIA | |
| Término de materia o nombre geográfico como elemento inicial | Cuentos infantiles colombianos |
| Subdivisión cronológica | Siglo XX |
| Fuente del encabezamiento | ARMARC |
| 650 17 - PUNTO DE ACCESO ADICIONAL DE MATERIA - TERMINO DE MATERIA | |
| Término de materia o nombre geográfico como elemento inicial | Literatura Infantil Colombiana |
| Subdivisión cronológica | Siglo XX |
| Fuente del encabezamiento | ARMARC |
| 650 1# - PUNTO DE ACCESO ADICIONAL DE MATERIA - TERMINO DE MATERIA | |
| Término de materia o nombre geográfico como elemento inicial | Diccionarios en la literatura |
| Fuente del encabezamiento | ARMARC |
| 650 17 - PUNTO DE ACCESO ADICIONAL DE MATERIA - TERMINO DE MATERIA | |
| Término de materia o nombre geográfico como elemento inicial | Niños en la literatura |
| Fuente del encabezamiento | ARMARC |
| 650 17 - PUNTO DE ACCESO ADICIONAL DE MATERIA - TERMINO DE MATERIA | |
| Término de materia o nombre geográfico como elemento inicial | Escuela en la literatura |
| Fuente del encabezamiento | ARMARC |
| 700 1# - PUNTO DE ACCESO ADICIONAL - NOMBRE DE PERSONA | |
| Nombre de persona | Osorno Carrizosa, Laura |
| Término indicativo de función | ilustradora |
| 942 ## - ENTRADA DE ELEMENTOS AGREGADOS (KOHA) | |
| Fuente de clasificaión o esquema | Dewey Decimal Classification |
| Koha [por defecto] tipo de item | LIbro |
| Perdido | Fuente de clasificación o esquema | Estado Físico | No para préstamo | Forma de adquisición | Localización permanente | Localización actual | Localización en estanterías | Fecha adquisición | Préstamos totales | Signatura completa | Código de barras | Fecha última consulta | Número de copia | Fecha del precio de reemplazo | Tipo de item de Koha |
|---|---|---|---|---|---|---|---|---|---|---|---|---|---|---|---|
| Dewey Decimal Classification | Infantil | Biblioteca Pública Cubarral | Biblioteca Pública Cubarral | Sala Infantil | 07/19/2023 | C DIA9 | CUB00434 | 07/19/2023 | Ej.1 | 07/19/2023 | LIbro | ||||
| Dewey Decimal Classification | Infantil | Biblioteca Pública Puerto López - Jorge Eliecer Gaitán | Biblioteca Pública Puerto López - Jorge Eliecer Gaitán | Sala Infantil | 06/12/2025 | C DIA9 | PLZ01556 | 06/12/2025 | Ej.1 | 06/12/2025 | Libro Infantil | ||||
| Dewey Decimal Classification | Infantil | Biblioteca Pública San Carlos de Guaroa - Eduardo Carranza | Biblioteca Pública San Carlos de Guaroa - Eduardo Carranza | Sala Infantil | 02/18/2025 | C DIA9 | SG02350 | 02/18/2025 | Ej.1 | 02/18/2025 | LIbro | ||||
| Dewey Decimal Classification | Infantil | Biblioteca Pública Guamal | Biblioteca Pública Guamal | Sala Infantil | 06/02/2023 | C DIA9 | GUA003650 | 06/02/2023 | Ej.1 | 06/02/2023 | Libro Infantil | ||||
| Dewey Decimal Classification | Infantil | Biblioteca Pública La Macarena | Biblioteca Pública La Macarena | Sala Infantil | 06/17/2025 | C DIA9 | LM02145 | 06/17/2025 | Ej.1 | 06/17/2025 | LIbro | ||||
| Dewey Decimal Classification | Infantil | Biblioteca Pública Mapiripan | Biblioteca Pública Mapiripan | Sala Infantil | 01/25/2024 | A DIA9 | MAP00003743 | 01/25/2024 | Ej.1 | 01/25/2024 | LIbro | ||||
| Dewey Decimal Classification | Infantil | Biblioteca Pública San Juanito - Ernesto Maria Peña Romero | Biblioteca Pública San Juanito - Ernesto Maria Peña Romero | Sala Infantil | 02/27/2024 | C DIA | SJU00758 | 02/27/2024 | Ej.1 | 02/27/2024 | LIbro |